| 000 | 01161nam a2200277 4500 | ||
|---|---|---|---|
| 001 | 0000014851 | ||
| 003 | CO-CtgCURN | ||
| 005 | 20250828171341.0 | ||
| 008 | 160627s2003 000 0 eng d | ||
| 020 | _a9588192536 | ||
| 040 |
_aCO-CtgCURN _bspa _ccoctgcurn |
||
| 082 | 0 |
_a345.02 _bG76c |
|
| 100 | 1 | _aGrosso García, Manuel Salvador. | |
| 245 | 1 | 3 |
_aEl concepto del delito en el nuevo Código Penal : _buna propuesta de interpretacion desde el sistema de la teoria del delito / _cManuel Salvador Grosso García. |
| 260 |
_aBogotá : _bEdiciones Juridicas Gustavo Ibañez, _c2003. |
||
| 300 | _a432 p. | ||
| 336 | _2rdacontent | ||
| 337 |
_2rdamedia _asin mediacion _bn |
||
| 338 |
_2rdacarrier _avolumen _bnc |
||
| 504 | _aBibliografia (p. 421-432) | ||
| 505 | 8 | _aEl concepto del delito en el nuevo Código penal.--Una propuesta de interpretacion desde el sistema de la teoria del delito.--Principios dogmaticos.--Principios de culpabilidad | |
| 650 | 0 |
_aCódigo penal colombiano _vCritica e interpretacion. |
|
| 908 | _a160627 | ||
| 942 |
_cBK _h345.02 _iG76c _2ddc |
||
| 999 |
_c49855 _d49855 _x1 |
||